MDQL
is popping MORE tags! Check the
thread
!
Quizzes
Events
Quiz Creation
Community
Videos
Private Events
Remove Ads
Sign In
Join for FREE
Feedback
Dark Mode
Quiz Categories
Sports
Geography
Music
Movies
Television
Just For Fun
Miscellaneous
History
Literature
Language
Science
Gaming
Entertainment
Religion
Holiday
For Kids
Quiz Lab
Recent
Popular Today
Quiz Kudos Today
Editor Picks
Curator Picks
Quizzes by...
Day
Popularity
Type
Ratings
Length
Year
Community
Subscriptions
Recent Discussions
Orange Saloon
Badges
Playlists
Quests
Create
Leaderboards
Showdown
Live 5
Trivia Bingo
Activity
Puzzle Library
Sporcle Events
Private Events
Virtual Trivia
Globe League
Become a Host
Pub Owners
SporcleCon
Opinionation
Our Games
Videos
Blog
Mobile Apps
Partnerships
Remove Ads and Go Orange
Feedback
Movies
Disney
Marvel Cinematic Universe
Movie Resume
Movie Titles
Oscar
Actor
Actress
Director
Pixar
Role
Movie Quotes
Movie Characters
Box Office
Nominee
Best Picture
Star Wars
James Bond
Horror Movies
Movies
Disney
Marvel Cinematic Universe
Movie Resume
Movie Titles
Oscar
Actor
Actress
Director
Pixar
Role
Movie Quotes
Movie Characters
Box Office
Nominee
Best Picture
Star Wars
James Bond
Horror Movies
Random Quiz
Search Sporcle
×
Quiz Lab
Quiz Lab
Movies
War
Type in answers that appear in a list
Type in answers that appear in a list
Classic
Best Score? Go Orange.
Star Wars Name Chain Stats
Can you name the Star Wars character?
By
Dallasboyut15
3m
20 Questions
2,888 Plays
2,888 Plays
2,888 Plays
Comments
Comments
Give Quiz Kudos
Give Quiz Kudos
-
- Ratings
hide this ad
No Skip
Answers have to be entered in order without skipping
Answers have to be entered in order without skipping
Replay
Link that replays current quiz
Next Quiz
Link to next quiz in quiz playlist
You Got
0%
They Got
Avg Score
42%
Avg Friend Score
Upgrade to see
Score Distribution
Jump to the score distribution portion of the page
Score
0/20
Timer
03:00
0
Plays Today
Hint
Character
% Correct
?
???
100%
?
???
93.1%
?
???
92.6%
?
???
67.3%
?
???
65.9%
?
???
61.6%
?
???
45.9%
?
???
43.3%
?
???
42.9%
?
???
39.5%
Hint
Character
% Correct
?
???
38.7%
?
???
29.5%
?
???
28.8%
?
???
26%
?
???
19.7%
?
???
18.7%
?
???
18.6%
?
???
9.8%
?
???
5.8%
?
???
5.7%
Quiz Playlist
Details
Report
Send in Message
Add To Playlist
Classic:
Type in answers that appear in a list
No Skip:
Answers have to be entered in order without skipping
Last Updated: Feb 16, 2017
Quiz Scoreboard
CHALLENGE
Sign Up to Join the Scoreboard
Show All
Scores
Hide
Comments
May contain spoilers
Recently Published
Image Sorting: Flags VI
by Barbecue
Geography
2m
Find the 'City' Movie
by crazypaving
Movies
60s
Colored Red Africa Blitz
by spor1
Geography
45s
More to Explore
Quiz From the Vault
Featured Blog Post
14 Easter Pick-up Lines to Find Eggs With
hide this ad
You Might Also Like...
Tags
Star Wars Quiz
War Quiz
Character
star
Today's Top Quizzes in Movies
Browse Movies
hide this ad
Today's Top Quizzes in War
Browse War
Top Contributed Quizzes in Movies
1
Find The 'Big' Movie
2
Find The 'Wild' Movie
3
Find The 'Blue' Movie
4
Movies By Plot
5
Hidden Star Wars Character II
6
Pick 5 Posters: Directed by Spielberg
7
The ultimate James Bond movie quiz
8
Hidden Star Wars Character III
9
Hidden Star Wars Character IV
10
25 Best Actor Nominees (1990s)
Explore More
Trending Topics
NBA
Crossword
Marvel
Disney
Harry Potter
Anime
Kpop
The Office
Pokémon
WWE
Song
Puzzle
Country
NFL
Soccer
hide this ad
More By:
Dallasboyut15
Quiz
Plays
Rating
Category
Featured
Created
Star Wars Name Chain
2,888
1.08
Movies
Jul 15, 2011
Dallas Cowboys Legends
238
4.00
Sports
Jul 15, 2011
One Liners
59
1.50
Movies
Jul 15, 2011
Go to Creator's Profile
Score Distribution
Quiz Creator Spotlight
Dallasboyut15
Follow
Send a Message
Quizzes Created
-
Created Quiz Play Count
-
More By This Creator
Popular Quizzes Today
1
Colored Red Africa Blitz
2
Find the US States - No Outlines Minefield
3
Find the 'City' Movie
4
5x2 Blitz: Bands
5
The Countries of the World
6
Find the US States
7
Find the Countries of Europe - No Outlines Minefield
8
US States
More Movies Quizzes
Progressively Smaller Movies IV
Published
Trending Quizzes
Colored Red Europe Blitz I
Colored Red Europe Blitz II
Colored Red Africa Blitz II
Colored Red Europe Blitz III
Colored Red Africa Blitz III
Recently Updated
How Do You Spell That?
pecheneg
Godzilla Movies
pecheneg
Grab Bag: 4-10 Letters
pecheneg
2024 March Madness Bracket
pecheneg
Famous TV Couples
Peacemaker
Champions League XIs: Real Madrid
pecheneg
Largest US Cities 1790-2010
pecheneg
Rides in Walt Disney World
pecheneg
Most Oscar Losses (Acting)
pecheneg
Beyoncé Albums
pecheneg
Trending Topics
Marvel
Disney
Anime
Harry Potter
Kpop
NBA
Crossword
NFL
WWE
Puzzle
Country
The Office
Soccer
Song
Pokémon
Your Account Isn't Verified!
In order to create a playlist on Sporcle, you need to verify the email address you used during registration. Go to your
Sporcle Settings
to finish the process.
Report this User
Report this user for behavior that violates our
Community Guidelines
.
Details:
Send Report
Go to the Sporcle.com Mobile Site →
Comments